French Rugby - Most International Tries - Statistics

General Stats
  • This quiz has been taken 92 times
    56 since last reset
  • The average score is 5 of 11
Answer Stats
Tries Years Active Player % Correct
38 1980-1991 Serge Blanco
88%
34 2002-2013 Vincent Clerc
85%
25 1998-2007 Christophe Dominici
69%
30 1982-1995 Philippe Sella
50%
26 1994-2000 Emile Ntamack
38%
32 1990-1997 Philippe Saint-Andre
37%
26 1992-2001 Philippe Bernat-Salles
33%
23 2001-2012 Aurelien Rougerie
31%
20 2001-2011 Yannick Jauzion
27%
20 1983-1991 Patrice Lagisquet
17%
23 1957-1967 Christian Darrouy
4%
No matching quizzes found
Score Distribution
Percent of People with Each Score
Percentile by Number Answered
Your Score History
You have not taken this quiz since the last reset